| 000 | 00413nam a2200145Ia 4500 | ||
|---|---|---|---|
| 008 | 230917s9999||||xx |||||||||||||| ||und|| | ||
| 040 |
_e50137 _aMAIN |
||
| 041 | _aEnglish | ||
| 082 | _a821.8 E46P:T | ||
| 100 | _aPrasad, V R N, ed [et al] | ||
| 245 | 0 | _aT S Eliot and Eugene O'Neill: the dream and the mightmare centenary celerations:1988 | |
| 260 |
_aDelhi _bAjanta _c1991 |
||
| 300 | _ax, 175 p. | ||
| 942 | _cBK | ||
| 999 |
_c68662 _d68662 |
||